00990nam a2200217 i 4500001000300000245016700003260003000170300004700200490008600247500007900333504002800412650002600440700003400466700002400500830007400524040000800598041001700606080001000623008004100633856009800674bg00aStudia o procesach migracji zagranicznych.nT. 1,pCharakterystyka procesów migracyjnych /cwybór tekstów i red. nauk. Stanisława Golinowska, Edward Marek. aWarszawa :bIPiSS,c1994. a148 s. (w tym 8 k.tabl.złoż.) ;c21 cm.1 aStudia i Materiały / Instytut Pracy i Spraw Socjalnych,x0239-9458 ;vz. 3 (393) aWstęp i spis treści także ang. - Tekst częśc. tł. z ang., niem. aBibliogr. przy pracach. 9aMigracjexzagadnienia1 aGOLINOWSKA, StanisławaeRed.1 aMAREK, EdwardeRed. 0aStudia i Materiały (Instytut Pracy i Spraw Socjalnych) ;vz. 3 (393) cBPK1 aplgenhende a314.7 s pl f |000 0 pol  uhttp://koha.tu.koszalin.pl/cgi-bin/koha/opac-detail.pl?biblionumber=32358yKatalog online BPK